01465nam a22002655i 4500001000700000003000900007005001700016008004100033080006800074080003500142100005500177245011400232260006600346300003700412505018800449530003500637600008100672600006900753600005200822740002700874852006600901856007400967999001901041952013901060163786ES-MaACL20251122063134.0000614s1901 sp |||| | spa d a821.134.2 Cervantes Saavedra, Miguel de 7 Celoso extremeño.07 a929 Álvarez de Soria, Alonso1 aRodríguez Marín, Francisco, d1855-194399863413aEl Loaysa de "El celoso extremeño" : bestudio histórico-literario / cpor Francisco Rodríguez Marín. aSevilla : b[s.n.], c1901 (fTip. de Francisco de P. Díaz) a369 p. , [1] h. pleg. ; c23 cm.8 aContiene: El celoso extremeño . Alonso Álvarez de Soria . Alonso Álvarez de Soria es el "Loaysa" de "El celoso extremeño" . Apéndices: Documentos. Facsímiles. Genealogía aDisponible en formato digital.17aCervantes Saavedra, Miguel de,d1547-1616. tEl celoso extremeño2914769217aCervantes Saavedra, Miguel de,d1547-1616-xPersonajes2915891214aÁlvarez de Soria, Alonso, d1573-1603917313432aEl celoso extremeño. aES-MaACLjF-6577 z- Enc. hol., conservando cub. original uhttps://archive.org/details/elloaysadeelcelo00rodr zInternet Archive c163786d163786 001040708Colección_digitalaATENEOMbATENEOMcDEPO2d2008-01-17eSSCl0oF-6577p1171646r2023-02-23 00:00:00w2023-02-23yMONANT